000 00551nam a2200193Ia 4500
005 20250508162453.0
008 008 250505s9999 xx 000 0 hin d
037 _aTextual
040 _aFEDL
_beng
_cFEDL
041 _ahin
_2eng
084 _a407.9, SHA
_qFEDL
100 _aShastri Suryadev
_9446029
245 0 _aManovishleshan aur bhasha
260 _aPatna, India
_bBihar Hindi Granth Akademi
_c1976
300 _a516p.
546 _aAcc. No. 086292 is MACESE book
942 _cTEXL
_h407.9, SHA
999 _c1376761
_d1376761